|
|
|
|
| LEADER |
00886nab a2200241 i 4500 |
| 001 |
publ6819 |
| 005 |
20190220133918.0 |
| 008 |
160517s2015 hu o 0|| zxx d |
| 022 |
|
|
|a 1567-2050
|
| 024 |
7 |
|
|a 10.2174/156720501205150526114000
|2 doi
|
| 024 |
7 |
|
|a 2910103
|2 mtmt
|
| 040 |
|
|
|a SZTE Publicatio Repozitórium
|b hun
|
| 041 |
|
|
|a zxx
|
| 100 |
1 |
|
|a Dézsi Livia
|
| 245 |
1 |
0 |
|a Alzheimer's Disease, Astrocytes and Kynurenines
|h [elektronikus dokumentum] /
|c Dézsi Livia
|
| 260 |
|
|
|c 2015
|
| 300 |
|
|
|a 462-480
|
| 490 |
0 |
|
|a CURRENT ALZHEIMER RESEARCH
|v 12 No. 5
|
| 700 |
0 |
1 |
|a Tuka Bernadett
|e aut
|
| 700 |
0 |
1 |
|a Martos Diána
|e aut
|
| 700 |
0 |
1 |
|a Vécsei László
|e aut
|
| 856 |
4 |
0 |
|u http://publicatio.bibl.u-szeged.hu/6819/1/Dezsi_AlzheimersD_astrocytes_kynurenines_proof.pdf
|z Dokumentum-elérés
|
| 856 |
4 |
0 |
|u http://publicatio.bibl.u-szeged.hu/6819/7/2910103_sub.vers.pdf
|z Dokumentum-elérés
|